000 00761nam a22002537a 4500
003 DO-SdBNP
005 20220316082659.0
007 ta
008 210705e2017 dr ac||gr|||| 001 e eng d
020 _a9789945167009
040 _aDO-SdBNP
_bspa
_cBNPHU
041 _heng
082 4 _bC322v
_222
100 _975589
_aCartaya, Pedro
_eSacerdote
245 1 0 _a25 jesuit knights of God /
_cPedro Cartaya ; Prólogo, Marcelino García.
246 0 1 _a twenty-five jesuit knights of God.
260 _aSanto Domingo :
_bEditora Búho,
_c2017
300 _a61 p. :
_bil., retr. ;
_c23 cm
590 _aInventariado 2021 / MF
650 4 _979663
_aSacerdotes
_vBiografías
700 1 _975590
_aGarcía, Marcelino
_epról.
910 _aMfeliz
942 _2ddc
_cLBS1
999 _c50049
_d50049